000 00412nam a2200169Ia 4500
001 11032
003 IN-NITTTR
005 20251114233103.0
008 251113s9999||||xx |||||||||||||| ||eng||
040 _beng
040 _cIN-NITTTR
041 _aeng
082 _a684.09 W151E
100 _awalker, John R.
245 0 _aExploring metalworking :
_b basic fundamentals. /
_cwalker, John R.
942 _2ddc
_cBK
999 _c13668
_d13668